| 000 | 00823nam a22002657a 4500 | ||
|---|---|---|---|
| 001 | 7904 | ||
| 003 | FISKH | ||
| 005 | 20250813111757.0 | ||
| 008 | 250813b cb ||||| |||| 00| 0 eng d | ||
| 040 |
_aFISKH _beng _cFISKH _dFISKH |
||
| 050 | _aPS2429.M5 N5 | ||
| 082 | _a811.2 | ||
| 100 | _aMoore, Clement C. | ||
| 245 |
_aThe night before Christmas / _cClement C. Moore ; Illustrated by Kathy Wilburn |
||
| 260 |
_aNew York : _bA Golden Books, _c1987. |
||
| 300 |
_a24 unnumbered pages : _b color illustrations ; _c21 cm |
||
| 505 | _aK | ||
| 520 | _aPresents the well-known poem about an important Christmas visitor. | ||
| 521 | 8 |
_a510
_bLexile estimate |
|
| 521 | 8 |
_aK
_bRaz-Plus |
|
| 650 |
_aPicture Book _vHolidays |
||
| 700 |
_aWilburn, Kathy _eillustrator |
||
| 942 |
_2ddc _cBK _n0 |
||
| 999 |
_c7904 _d7904 |
||